English Top Flight Winning Managers - Statistics

General Stats
  • This quiz has been taken 136 times
    20 since last reset
  • The average score is 20 of 57
Answer Stats
Manager % Correct
Alex Ferguson
100%
Jürgen Klopp
100%
Arsène Wenger
95%
José Mourinho
95%
Claudio Ranieri
90%
Pep Guardiola
90%
Antonio Conte
85%
Arne Slot
85%
Kenny Dalglish
85%
Roberto Mancini
80%
Brian Clough
75%
Carlo Ancelotti
75%
Manuel Pellegrini
75%
Bill Shankly
70%
Bob Paisley
70%
George Graham
65%
Matt Busby
65%
Alf Ramsey
60%
Don Revie
55%
George Ramsay
55%
Howard Kendall
50%
Howard Wilkinson
50%
Joe Fagan
50%
Dave Mackay
35%
Herbert Chapman
35%
Bill Nicholson
30%
Ron Saunders
25%
Bertie Mee
20%
Joe Mercer
20%
Harry Catterick
15%
Stan Cullis
15%
Bob Jackson
5%
George Allison
5%
Harry Potts
5%
Robert Brown
5%
Ted Drake
5%
Tom Watson
5%
Tom Whittaker
5%
William C. Cuff
5%
Alex Mackie
0%
Arthur Dickinson
0%
Arthur Rowe
0%
Bob Kyle
0%
Cecil Potter
0%
David Ashworth
0%
Dick Molyneux
0%
Ernest Mangnall
0%
Fred Everiss
0%
George Kay
0%
Joe Shaw
0%
John Haworth
0%
Johnny Cochrane
0%
Joseph Wostinholm
0%
Matt McQueen
0%
Robert Middleton
0%
Thomas H. McIntosh
0%
Wilf Wild
0%
No matching quizzes found
Score Distribution
Percent of People with Each Score
Percentile by Number Answered
Your Score History
You have not taken this quiz since the last reset